Balance Sheets: How to Read and Understand Them (Record no. 2301)

MARC details
005 - DATE AND TIME OF LATEST TRANSACTION
control field 20250515121314.0
082 ## - DEWEY DECIMAL CLASSIFICATION NUMBER
Classification number 657. 3 PAU
100 ## - MAIN ENTRY--PERSONAL NAME
Author name PAULA, F. V.
245 ## - TITLE STATEMENT
Title Balance Sheets: How to Read and Understand Them
250 ## - EDITION STATEMENT
Edition statement 4th Ed.
260 ## - PUBLICATION, DISTRIBUTION, ETC.
Place of publication, distribution, etc. London,
Name of publisher, distributor, etc. Isaac Pitman,
Date of publication, distribution, etc. 1964.
300 ## - PHYSICAL DESCRIPTION
Extent viii, 126p.: ill.; table.
Other physical details Index.
Dimensions 23cm.
700 ## - ADDED ENTRY--PERSONAL NAME
Other authors/Editors TOVEY, P.
942 ## - ADDED ENTRY ELEMENTS (KOHA)
Source of classification or shelving scheme Dewey Decimal Classification
Koha item type Books
Holdings
Date last seen Total checkouts Full call number Barcode Cost, replacement price Price effective from Koha item type Lost status Source of classification or shelving scheme Damaged status Not for loan Withdrawn status Home library Current library Shelving location Date acquired Cost, normal purchase price
05/15/2025   657. 3 PAU 0000008828 30000.00 05/15/2025 Books   Dewey Decimal Classification       College of Business Education Main Library College of Business Education Main Library General Collection 05/15/2025 10000.00